000 00578nam a2200193 a 4500
005 20220904183239.0
008 060503s2000 mx r 000 0 spa d
020 _a9681104285
035 _aUPN01000144194
049 _aCG
050 4 _aPQ7297 R8.9
_bA3
100 1 _aRulfo, Juan,
_d1918-1986
245 1 0 _aAire de las colinas :
_bcartas a Clara /
_cJuan Rulfo.
260 _aMéxico :
_bPlaza y Janés,
_c2000.
300 _a341 p. :
_bil.
600 1 4 _aRULFO, JUAN,
_d1918-1986 -
_vCORRESPONDENCIA, MEMORIAS, ETC.
_95671
650 0 _aAmor, Cartas de
_94321
905 _aLibro
999 _c116341
_d116341